Statistics for New Zealand Groups of Things

Click here to take the quiz!

General Stats

  • This quiz has been taken 30 times
  • The average score is 34 of 62

Answer Stats

HintAnswer% Correct
100k+ citiesAuckland
100%
100k+ citiesWellington
100%
100k+ citiesChristchurch
96%
Countries Closest to New ZealandAustralia
96%
Countries Closest to New ZealandTonga
88%
100k+ citiesDunedin
88%
Countries Closest to New ZealandFiji
88%
100k+ citiesHamilton
81%
Parties in the 52nd ParliamentLabour
77%
Parties in the 52nd ParliamentGreen
77%
Parties in the 52nd ParliamentNational
73%
Countries Closest to New ZealandVanuatu
73%
Lord of the Rings trilogyThe Two Towers
69%
Lord of the Rings trilogyFellowship of the Ring
69%
Lord of the Rings trilogyReturn of the King
69%
21st century prime ministersJohn Key
65%
Parts of the Realm of New ZealandNiue
65%
Major internet service providersVodafone
65%
Public holidays (nationwide)Christmas Day
65%
Public holidays (nationwide)Labour Day
65%
Public holidays (nationwide)Waitangi Day
62%
100k+ citiesTauranga
62%
21st century prime ministersHelen Clark
62%
World Rugby Player of the YearDan Carter
62%
21st century prime ministersJacinda Ardern
62%
Parts of the Realm of New ZealandCook Islands
58%
Super Rugby teamsBlues
58%
Parrots starting with the letter Kkea
58%
Public holidays (nationwide)New Year's Day
58%
Parrots starting with the letter Kkākā
58%
Public holidays (nationwide)ANZAC Day
58%
Public holidays (nationwide)Queen's Birthday
54%
Parties in the 52nd ParliamentACT
54%
Parties in the 52nd ParliamentNZ First
54%
Public holidays (nationwide)Boxing Day
54%
Active volcanoes within Tongariro NPTongariro
54%
Major internet service providersSpark NZ
54%
World Rugby Player of the YearRichie McCaw
54%
Major internet service providers2degrees
54%
Super Rugby teamsCrusaders
54%
Active volcanoes within Tongariro NPRuapehu
50%
Parrots starting with the letter Kkākāpō
50%
Super Rugby teamsHurricanes
50%
Super Rugby teamsChiefs
50%
Public holidays (nationwide)Good Friday
50%
Super Rugby teamsHighlanders
46%
Types of kiwi{little} spotted kiwi
46%
Public holidays (nationwide)Easter Monday
42%
Types of kiwi{great} spotted kiwi
42%
Types of kiwi{North} {Island} brown kiwi
42%
21st century prime ministersBill English
42%
World Rugby Player of the YearBeauden Barrett
38%
Public holidays (nationwide)Day after New Year's Day
35%
Parts of the Realm of New ZealandTokelau
31%
Parts of the Realm of New Zealand{Ross} Dependency
27%
World Rugby Player of the YearKieran Read
23%
Types of kiwi{southern} brown kiwi
19%
Parts of the Realm of New ZealandNew Zealand proper
15%
Active volcanoes within Tongariro NPNgauruhoe
12%
Types of kiwi{Okarito} kiwi
8%
World Rugby Player of the YearBrodie Retallick
8%
Parrots starting with the letter Kkākāriki
8%

Score Distribution

Percentile by Number Answered

Percent of People with Each Score

Your Score History

You have not taken this quiz